000 00699nam a2200289Ia 4500
005 20260324145640.0
008 008 260324s9999 xx 000 0 eng d
020 _a9781315411774
037 _aEBOOK
040 _aCRL
040 _beng
040 _cCRL
041 _2eng
041 _aeng
084 _qCRL
100 _aJanet Horowitz Murray; Myra Stark
245 4 _aThe Englishwoman's Review of Social and Industrial Questions
245 0 _b1868-1869
260 _bTaylor and Francis
260 _c1980
365 _a
365 _b300
856 _uhttp://www.taylorfrancis.com/books/9781315411774
942 _cEBOOK
999 _c1831907
_d1831907